| 000 | 00446nam a2200157 i 4500 | ||
|---|---|---|---|
| 001 | 45234 | ||
| 003 | ES-MaACL | ||
| 005 | 20230906161202.0 | ||
| 007 | t| | ||
| 008 | 030325s1971 sp ||||1| spa d | ||
| 100 | 1 |
_aCobos, Pablo de A. _939367 |
|
| 245 | 1 | 3 |
_aEl pensamiento de Antonio Machado en Juan de Mairena / _cPablo de A. Cobos. |
| 260 |
_aMadrid : _bInsula, _c1971. |
||
| 300 |
_a238 p. ; _c22 cm. |
||
| 852 |
_aES-MaACL _jC-38486 _bR.78912 |
||
| 999 |
_c45234 _d45234 |
||